00302nam a2200121Ia 45000030006000000080041000060400015000471000015000622450040000772600034001175460012001510050017001630STCL150530s9999 xx 000 0 und d aSTCLcSTCL aNene, Y.L. aFungicides in plant disease control bOxford University pressc1971 aEnglish20220125170327.0